| 000 | 00000nam##2200000za#4500 |
| 001 | 9.640468 |
| 003 | CaOODSP |
| 005 | 20210624222702 |
| 007 | cr ||||||||||| |
| 008 | 150407|1999||||xxc|||||o f|0| 0 fre|d |
| 040 | |aCaOODSP|bfre |
| 043 | |an-cn--- |
| 086 | 1 |aH21-157/1999F-PDF |
| 110 | 1 |aCanada. |bSanté Canada. |
| 245 | 10|aÉvaluation de la salubrité des aliments : |h[ressource électronique]|ble système d'intervention d'urgence dans le domaine de la salubrité des aliments de l'Agence canadienne d'inspection des aliments : rapport d'évaluation de la salubrité des aliments présenté au ministre de la Santé |
| 246 | 17|aÉvaluation du système d’intervention d’urgence dans le domaine de la salubrité des aliments |
| 260 | |aOttawa - Ontario : |bSanté Canada |cMars 1999. |
| 300 | |a32p.|bfigures |
| 590 | |a12-30-Supp|b2012-06-28 |
| 691 | 07|aÉvaluation du rendement|2gcpds |
| 691 | 07|aSécurité alimentaire|2gcpds |
| 775 | 08|tFood safety assessment : |w(CaOODSP)9.696351 |
| 776 | 0#|tÉvaluation de la salubrité des aliments: le Système d'intervention d'urgence dans le domaine de la salubrité des aliments de l'Agence canadienne d'inspection des aliments : |w(CaOODSP)9.681168 |
| 856 | 40|ahttp://publications.gc.ca|qPDF|s387 Ko|uhttps://publications.gc.ca/collections/Collection/H21-157-1999F.pdf |